000
nam a22 7a 4500
999
_c
44249
_d
44249
003
OSt
005
20180811084254.0
008
180811b xxu||||| |||| 00| 0 eng d
040
_c
SEROSOFT
100
_a
MEHTA R M
245
_a
PHARMACEUTICS 1
260
_a
NEW DELHI
_b
VALLABH
_c
2018
300
_a
336
942
_2
ddc
_c
02